Statistics for Goats of football

Click here to take the quiz!

General Stats

  • This quiz has been taken 51 times
  • The average score is 6 of 15

Answer Stats

HintAnswer% Correct
Goat 🇵🇹Ronaldo
98%
Goat 🇦🇷Messi
96%
Ngolo NgoloKante
82%
HARRYMaguire
60%
He headbutt someoneZidane
53%
AlvaroMorata
44%
LewagoalskiMuller
33%
Balotelli...Aguero
27%
Goat 🏴󠁧󠁢󠁥󠁮󠁧󠁿Lingard
24%
Has his own gang in fifa 21Gullit
20%
Has the funniest action facePhil Jones
16%
Messi dropped himBoateng
13%
You aight neymarSunny innit
9%
OoOoOoOo he hit the equalizerHarvey Barnes
4%
Future Ballon'dor winnerLingardinho
2%

Score Distribution

Percentile by Number Answered

Percent of People with Each Score

Your Score History

You have not taken this quiz